Catálogo de la Biblioteca Horacio González - Universidad Nacional de General Sarmiento

Valiente (Registro nro. 53918)

Detalles MARC
000 -CABECERA
campo de control de longitud fija 01213ngm a22003130a 4500
001 - NÚMERO DE CONTROL
campo de control PT47156
003 - IDENTIFICADOR DEL NÚMERO DE CONTROL
campo de control AR-LpoUNG
005 - FECHA Y HORA DE LA ÚLTIMA TRANSACCIÓN
campo de control 20210202000005.0
007 - CAMPO FIJO DE DESCRIPCIÓN FÍSICA--INFORMACIÓN GENERAL
campo de control de longitud fija vd cvaizq
008 - DATOS DE LONGITUD FIJA--INFORMACIÓN GENERAL
campo de control de longitud fija 191001s[201||||ag |||||||||||||||||spa d
037 ## - FUENTE DE ADQUISICIÓN
Condiciones de disponibilidad $10
040 ## - FUENTE DE LA CATALOGACIÓN
Centro catalogador/agencia de origen AR-LpoUNG
Lengua de catalogación spa
Centro/agencia transcriptor AR-LpoUNG
Normas de descripción aacr
041 ## - CÓDIGO DE LENGUA
Código de lengua del texto/banda sonora o título independiente spa
-- eng
044 ## - CÓDIGO DEL PAÍS DE LA ENTIDAD EDITORA/PRODUCTORA
Código MARC del país ag
082 0# - NÚMERO DE LA CLASIFICACIÓN DECIMAL DEWEY
Número de clasificación 808.068 568val
100 1# - ENTRADA PRINCIPAL--NOMBRE DE PERSONA
Nombre de persona Andrews, Mark
Término indicativo de función/relación dir.
245 10 - MENCIÓN DE TÍTULO
Título Valiente
260 ## - PUBLICACIÓN, DISTRIBUCIÓN, ETC.
Lugar de publicación, distribución, etc. San Luis :
Nombre del editor, distribuidor, etc. AVH,
Fecha de publicación, distribución, etc. [2012].
300 ## - DESCRIPCIÓN FÍSICA
Extensión DVD (93 min.) : son., col.
505 0# - NOTA DE CONTENIDO CON FORMATO
Nota de contenido con formato Subtitulada en inglés y español. Contiene material extra, La leyenda de Mor'Du y comentarios. Producción: Disney - Pixar.
520 ## - SUMARIO, ETC.
Sumario, etc. En Valiente (Brave), las acciones de Mérida desatan el caos y la furia en el reino, y cuando ella acude a una anciana y excéntrica adivina en busca de ayuda, lo único que se le concede es un deseo malogrado. El consecuente peligro la forzará a descubrir el real significado de la valentía, una virtud que necesitará para deshacer una bestial maldición antes de que sea demasiado tarde.
653 ## - TÉRMINO DE INDIZACIÓN--NO CONTROLADO
Término no controlado ANIMACION
653 ## - TÉRMINO DE INDIZACIÓN--NO CONTROLADO
Término no controlado AVENTURA
653 ## - TÉRMINO DE INDIZACIÓN--NO CONTROLADO
Término no controlado DVD
653 ## - TÉRMINO DE INDIZACIÓN--NO CONTROLADO
Término no controlado VIDEOS
653 ## - TÉRMINO DE INDIZACIÓN--NO CONTROLADO
Término no controlado VIDEOS INFANTILES
905 ## - ELEMENTOS DE DATOS E LOCAL, LDE (RLIN)
a 47156
942 ## - ELEMENTOS DE PUNTO DE ACCESO ADICIONAL (KOHA)
Tipo de ítem Koha DVD
Existencias
Estado de retiro Estado de pérdida Estado dañado No para préstamo Código de colección Localización permanente Ubicación/localización actual Fecha de adquisición Total de préstamos Signatura topográfica completa Código de barras Fecha visto por última vez Precio válido a partir de Tipo de ítem Koha Fecha del último préstamo
        Colección Cine Biblioteca Universidad Nacional de General Sarmiento Biblioteca Universidad Nacional de General Sarmiento 02/02/2021   808.068 568val 00054523 02/02/2021 02/02/2021 DVD  
        Colección Cine Biblioteca Universidad Nacional de General Sarmiento Biblioteca Universidad Nacional de General Sarmiento 02/02/2021 2 808.068 568val 00054525 10/02/2025 02/02/2021 DVD 19/12/2024